000 00505nam a2200181Ia 4500
003 GCL
008 140319s9999 xx 000 0 eng d
040 _aGCL /
_cGCL
082 0 4 _a332.645
_bB N
100 1 _aBERNSTEIN, JAKE
245 1 0 _aNEW FACTS ON FUTURES INSIGHTS & STARTAGIES FOR WINNING IN THE FUTURE MARKETS /
_cBERNSTEIN, JAKE
260 _a[S.N] :
_bPROBUS PUBLISHING COMPANY ،
_c1992
300 _a294 P
650 0 4 _aTRADE
650 0 4 _aSTRATEGY
650 0 4 _aMARKETS
942 _2ddc
_cBK
999 _c21427
_d21427